| 000 | 00701nam a2200253Ia 4500 | ||
|---|---|---|---|
| 003 | OSt | ||
| 005 | 20220918221356.0 | ||
| 006 | a|||||r|||| 00| 0 | ||
| 007 | ta | ||
| 008 | 220917b |||||||| |||| 00| 0 eng d | ||
| 024 | _a149,604 | ||
| 037 | _cTextual | ||
| 040 |
_aARTS _cARTS _beng |
||
| 041 |
_2eng _aeng |
||
| 082 | _aT15:3(P), L7 | ||
| 100 |
_aErvin-Tripp Susan ed _9140311 |
||
| 245 | 0 | _aChild discourse | |
| 260 |
_aNew York _bAcademci _c1977 |
||
| 300 |
_axii,266p. _ccm. |
||
| 650 | _aEDUCATION | ||
| 700 |
_a Mitchell-Kernan Claudia ed _9140312 |
||
| 942 |
_hT15:3(P), L7 _cTEXL _2CC |
||
| 999 |
_c272270 _d272270 |
||